000 00910nam a22002417a 4500
999 _c1127
_d1127
003 AR-CdUCM
008 190226b ||||| |||| 00| 0 spa d
040 _aMUNICIPALIDAD PROVINCIAL DEL CUSCO
_cBIBLIOTECA MUNICIPAL DEL CUSCO
041 _hger
082 _a374.382 /
_bS87
100 _aSuchodolski, Bogdan
_94431
245 _aTeoría Marxista de la educación /
260 _aMexico :
_bEdit.Grijaldo SA,
_c1966.
300 _a382 paginas ;
_c21 cm.
505 _aLa evolución de los problemas pedagógicos en los escritos de Marx y Engels --Diagnosis de la actualidad --Problemas de la alienación y del fetichismo --Significado de la revolución socialista para la educacion ...
650 _aEducación
_9460
650 _aSocialismo
_91037
650 _aComunismo
_9495
650 _aFislosofia
_94432
700 _aBorras, Maria rosa
_94433
942 _2ddc
_cLIBROS
945 _arjall
_d2019-02-26